Коммерческая электроэнергетика: словарь-справочник

ग्रंथसूची विवरण
अन्य लेखक: Красник В. В. (составитель)
सारांश:Словарь-справочник содержит около 1500 терминов, определений и основных понятий, связанных с коммерческой деятельностью в области электроэнергетики, включая технические, технологические, экономические и гражданско-правовые аспекты. Все термины сопровождаются ссылками на соответствующие стандарты (использовано 55 государственных и международных стандартов), законодательные, нормативные правовые акты, нормативно-технические документы, справочники и другие источники. Словарь-справочник предназначен для руководителей и специалистов всех субъектов электроэнергетики, включая эксплуатационные, энергоснабжающие, проектные, научно-исследовательские, монтажно-наладочные организации, а также для персонала органов Ростехнадзора. Может быть рекомендован студентам энергетических вузов.
भाषा:रूसी
प्रकाशित: Москва, Энас, 2006
विषय:
स्वरूप: पुस्तक
KOHA link:https://koha.lib.tpu.ru/cgi-bin/koha/opac-detail.pl?biblionumber=97818

MARC

LEADER 00000nam0a2200000 4500
001 97818
005 20231101214143.0
010 |a 5931966226 
035 |a (RuTPU)RU\TPU\book\104854 
090 |a 97818 
100 |a 20060605d2006 km y0rusy50 ca 
101 0 |a rus 
102 |a RU 
105 |a y eg 001zy 
200 1 |a Коммерческая электроэнергетика  |e словарь-справочник  |f авт-сост. В. В. Красник 
210 |a Москва  |c Энас  |d 2006 
215 |a 248 с. 
320 |a Библиография: с. 242-243. 
320 |a Использованные государственные и международные стандарты: с. 244-246. 
330 |a Словарь-справочник содержит около 1500 терминов, определений и основных понятий, связанных с коммерческой деятельностью в области электроэнергетики, включая технические, технологические, экономические и гражданско-правовые аспекты. Все термины сопровождаются ссылками на соответствующие стандарты (использовано 55 государственных и международных стандартов), законодательные, нормативные правовые акты, нормативно-технические документы, справочники и другие источники. Словарь-справочник предназначен для руководителей и специалистов всех субъектов электроэнергетики, включая эксплуатационные, энергоснабжающие, проектные, научно-исследовательские, монтажно-наладочные организации, а также для персонала органов Ростехнадзора. Может быть рекомендован студентам энергетических вузов. 
606 1 |a Электрическая энергия  |x Рынок  |2 stltpush  |3 (RuTPU)RU\TPU\subj\53328  |9 71643 
610 1 |a электроэнергетика 
610 1 |a электроэнергетические установки 
610 1 |a электроэнергия 
610 1 |a коммерческая деятельность 
610 1 |a термины 
610 1 |a определения 
610 1 |a понятия 
610 1 |a правовые аспекты 
610 1 |a экономические аспекты 
610 1 |a техническая терминология 
610 1 |a производство 
610 1 |a передача 
610 1 |a распределение 
610 1 |a сбыт 
610 1 |a словари 
610 1 |a справочники 
675 |a 621.311.003.1(038)  |v 3 
702 1 |a Красник  |b В. В.  |4 220 
801 1 |a RU  |b 63413507  |c 20060605  |g PSBO 
801 2 |a RU  |b 63413507  |c 20130318  |g PSBO 
900 |a Электроэнергетика 
942 |c BK 
959 |a 43/20060605  |d 1  |e 415,00  |f НФ:1